Normal view
MARC view
- EISENBERZ, JUDAH M
Entry Personal Name
001 - CONTROL NUMBER
- control field: 67882
003 - CONTROL NUMBER IDENTIFIER
- control field: NUST
005 - DATE AND TIME OF LATEST TRANSACTION
- control field: 20210628203928.0
008 - FIXED-LENGTH DATA ELEMENTS
- fixed length control field: 210628|| aca||aabn | a|a d
040 ## - CATALOGING SOURCE
- Original cataloging agency: NUST
- Transcribing agency: NUST
100 ## - HEADING--PERSONAL NAME
- Personal name: EISENBERZ, JUDAH M
670 ## - SOURCE DATA FOUND
- Source citation: Work cat.: (NUST): EISENBERZ, JUDAH M, NUCLEAR MODELS , COLLECTIVE AND SINGLE - PARTICAL PHENOMENA, 1987
